Материнское сердце: сборник произведений.; для среднего и старшего школьного возраста

Bibliografische gegevens
Andere auteurs: Колчин В. (составитель), Дурасов Л. (иллюстратор)
Samenvatting:В сборник вошли произведения отечественной литературы о матери таких писателей и поэтов, как З. Воскресенской, Н. А. Некрасова, М. Горького, А. Твардовского, Я. Смелякова и многих других.
Taal:Russisch
Gepubliceerd in: Саратов, Приволжское книжное издательство, 1977
Onderwerpen:
Formaat: Boek
KOHA link:https://koha.lib.tpu.ru/cgi-bin/koha/opac-detail.pl?biblionumber=125720

MARC

LEADER 00000nam0a2200000 4500
001 125720
005 20231031131442.0
035 |a (RuTPU)RU\TPU\book\136032 
090 |a 125720 
100 |a 20071120d1977 d y0rusy50 ca 
101 0 |a rus 
102 |a RU 
105 |a a z 000ay 
200 1 |a Материнское сердце  |e сборник произведений.  |e для среднего и старшего школьного возраста  |f сост. В. Колчин ; худож. Л. Дурасов 
210 |a Саратов  |c Приволжское книжное издательство  |d 1977 
215 |a 231 с.  |c ил., ноты 
330 |a В сборник вошли произведения отечественной литературы о матери таких писателей и поэтов, как З. Воскресенской, Н. А. Некрасова, М. Горького, А. Твардовского, Я. Смелякова и многих других. 
610 1 |a советская литература 
610 1 |a сборники 
610 1 |a мать 
675 |a 8-8  |v 3 
702 1 |a Колчин  |b В.  |4 220 
702 1 |a Дурасов  |b Л.  |4 440 
801 1 |a RU  |b 63413507  |c 20071120  |g PSBO 
801 2 |a RU  |b 63413507  |c 20181122  |g PSBO 
942 |c BK